<?xml version="1.0" encoding="UTF-8"?>
<record
    xmlns:xsi="http://www.w3.org/2001/XMLSchema-instance"
    xsi:schemaLocation="http://www.loc.gov/MARC21/slim http://www.loc.gov/standards/marcxml/schema/MARC21slim.xsd"
    xmlns="http://www.loc.gov/MARC21/slim">

  <leader>02125nam a22003257a 4500</leader>
  <controlfield tag="003">NALT</controlfield>
  <controlfield tag="005">20250908161725.0</controlfield>
  <controlfield tag="008">240327b        th ||||| |||| 00| 0 tha d</controlfield>
  <datafield tag="020" ind1=" " ind2=" ">
    <subfield code="a">9786165517553</subfield>
  </datafield>
  <datafield tag="040" ind1=" " ind2=" ">
    <subfield code="a">NALT</subfield>
  </datafield>
  <datafield tag="041" ind1=" " ind2=" ">
    <subfield code="a">tha</subfield>
  </datafield>
  <datafield tag="050" ind1=" " ind2=" ">
    <subfield code="a">HJ 1360.55</subfield>
    <subfield code="b">&#xE08;158&#xE01; 2556</subfield>
  </datafield>
  <datafield tag="100" ind1="0" ind2=" ">
    <subfield code="a">&#xE08;&#xE23;&#xE31;&#xE2A; &#xE2A;&#xE38;&#xE27;&#xE23;&#xE23;&#xE13;&#xE21;&#xE32;&#xE25;&#xE32;</subfield>
    <subfield code="9">23066</subfield>
  </datafield>
  <datafield tag="245" ind1="1" ind2="0">
    <subfield code="a">&#xE01;&#xE32;&#xE23;&#xE04;&#xE25;&#xE31;&#xE07;&#xE20;&#xE32;&#xE04;&#xE23;&#xE31;&#xE10; &#xE27;&#xE48;&#xE32;&#xE14;&#xE49;&#xE27;&#xE22;&#xE01;&#xE32;&#xE23;&#xE41;&#xE22;&#xE48;&#xE07;&#xE0A;&#xE34;&#xE07; &#xE2B;&#xE31;&#xE01;&#xE2B;&#xE25;&#xE31;&#xE07; &#xE41;&#xE25;&#xE30;&#xE2A;&#xE38;&#xE48;&#xE21;&#xE40;&#xE2A;&#xE35;&#xE48;&#xE22;&#xE07; &#xE20;&#xE32;&#xE04; 3 :</subfield>
    <subfield code="b">&#xE23;&#xE32;&#xE22;&#xE44;&#xE14;&#xE49;&#xE20;&#xE32;&#xE04;&#xE23;&#xE31;&#xE10; /</subfield>
    <subfield code="c">&#xE08;&#xE23;&#xE31;&#xE2A; &#xE2A;&#xE38;&#xE27;&#xE23;&#xE23;&#xE13;&#xE21;&#xE32;&#xE25;&#xE32;.</subfield>
  </datafield>
  <datafield tag="250" ind1=" " ind2=" ">
    <subfield code="a">&#xE1E;&#xE34;&#xE21;&#xE1E;&#xE4C;&#xE04;&#xE23;&#xE31;&#xE49;&#xE07;&#xE17;&#xE35;&#xE48; 1.</subfield>
  </datafield>
  <datafield tag="260" ind1=" " ind2=" ">
    <subfield code="a">&#xE01;&#xE23;&#xE38;&#xE07;&#xE40;&#xE17;&#xE1E;&#xE2F; :</subfield>
    <subfield code="b">&#xE04;&#xE13;&#xE30;&#xE23;&#xE31;&#xE10;&#xE28;&#xE32;&#xE2A;&#xE15;&#xE23;&#xE4C; &#xE08;&#xE38;&#xE2C;&#xE32;&#xE25;&#xE07;&#xE01;&#xE23;&#xE13;&#xE4C;&#xE21;&#xE2B;&#xE32;&#xE27;&#xE34;&#xE17;&#xE22;&#xE32;&#xE25;&#xE31;&#xE22;,</subfield>
    <subfield code="c">2556.</subfield>
  </datafield>
  <datafield tag="300" ind1=" " ind2=" ">
    <subfield code="a">258 &#xE2B;&#xE19;&#xE49;&#xE32; :</subfield>
    <subfield code="b">&#xE15;&#xE32;&#xE23;&#xE32;&#xE07;, &#xE20;&#xE32;&#xE1E;&#xE1B;&#xE23;&#xE30;&#xE01;&#xE2D;&#xE1A; ;</subfield>
    <subfield code="c">21 &#xE0B;&#xE21;.</subfield>
  </datafield>
  <datafield tag="505" ind1="2" ind2=" ">
    <subfield code="a">&#xE1A;&#xE17;&#xE17;&#xE35;&#xE48; 12 &#xE41;&#xE2B;&#xE25;&#xE48;&#xE07;&#xE23;&#xE32;&#xE22;&#xE44;&#xE14;&#xE49;&#xE02;&#xE2D;&#xE07;&#xE23;&#xE31;&#xE10;&#xE01;&#xE31;&#xE1A;&#xE04;&#xE27;&#xE32;&#xE21;&#xE2A;&#xE38;&#xE02;&#xE2A;&#xE1A;&#xE32;&#xE22;&#xE02;&#xE2D;&#xE07;&#xE1B;&#xE23;&#xE30;&#xE0A;&#xE32;&#xE0A;&#xE19; -- &#xE1A;&#xE17;&#xE17;&#xE35;&#xE48; 13 &#xE40;&#xE28;&#xE23;&#xE29;&#xE10;&#xE01;&#xE34;&#xE08;&#xE01;&#xE31;&#xE1A;&#xE20;&#xE32;&#xE29;&#xE35; -- &#xE1A;&#xE17;&#xE17;&#xE35;&#xE48; 14 &#xE20;&#xE32;&#xE29;&#xE35;&#xE01;&#xE31;&#xE1A;&#xE01;&#xE32;&#xE23;&#xE40;&#xE21;&#xE37;&#xE2D;&#xE07; -- &#xE1A;&#xE17;&#xE17;&#xE35;&#xE48; 15 &#xE1C;&#xE39;&#xE49;&#xE04;&#xE38;&#xE21;&#xE01;&#xE31;&#xE1A;&#xE19;&#xE31;&#xE01;&#xE42;&#xE17;&#xE29; -- &#xE1A;&#xE17;&#xE17;&#xE35;&#xE48; 16 &#xE04;&#xE48;&#xE32;&#xE1A;&#xE23;&#xE34;&#xE01;&#xE32;&#xE23; -- &#xE1A;&#xE17;&#xE17;&#xE35;&#xE48; 17 &#xE19;&#xE31;&#xE01;&#xE40;&#xE01;&#xE47;&#xE1A;&#xE20;&#xE32;&#xE29;&#xE35;&#xE21;&#xE37;&#xE2D;&#xE2D;&#xE32;&#xE0A;&#xE35;&#xE1E; &#xE15;&#xE2D;&#xE19;&#xE17;&#xE35;&#xE48; 1 -- &#xE1A;&#xE17;&#xE17;&#xE35;&#xE48; 18 &#xE19;&#xE31;&#xE01;&#xE40;&#xE01;&#xE47;&#xE1A;&#xE20;&#xE32;&#xE29;&#xE35;&#xE21;&#xE37;&#xE2D;&#xE2D;&#xE32;&#xE0A;&#xE35;&#xE1E; &#xE15;&#xE2D;&#xE19;&#xE17;&#xE35;&#xE48; 2.</subfield>
  </datafield>
  <datafield tag="650" ind1=" " ind2="4">
    <subfield code="a">&#xE01;&#xE32;&#xE23;&#xE04;&#xE25;&#xE31;&#xE07;</subfield>
    <subfield code="9">29246</subfield>
  </datafield>
  <datafield tag="650" ind1=" " ind2="4">
    <subfield code="a">&#xE01;&#xE32;&#xE23;&#xE04;&#xE25;&#xE31;&#xE07;&#xE2A;&#xE32;&#xE18;&#xE32;&#xE23;&#xE13;&#xE30;</subfield>
    <subfield code="9">9984</subfield>
  </datafield>
  <datafield tag="650" ind1=" " ind2="4">
    <subfield code="a">&#xE23;&#xE32;&#xE22;&#xE44;&#xE14;&#xE49;&#xE02;&#xE2D;&#xE07;&#xE23;&#xE31;&#xE10;</subfield>
    <subfield code="9">55916</subfield>
  </datafield>
  <datafield tag="650" ind1=" " ind2="4">
    <subfield code="a">&#xE23;&#xE32;&#xE22;&#xE08;&#xE48;&#xE32;&#xE22;&#xE02;&#xE2D;&#xE07;&#xE23;&#xE31;&#xE10;</subfield>
    <subfield code="9">21128</subfield>
  </datafield>
  <datafield tag="650" ind1=" " ind2="4">
    <subfield code="a">&#xE20;&#xE32;&#xE29;&#xE35;&#xE2D;&#xE32;&#xE01;&#xE23;</subfield>
    <subfield code="9">57736</subfield>
  </datafield>
  <datafield tag="650" ind1=" " ind2="4">
    <subfield code="a">&#xE19;&#xE42;&#xE22;&#xE1A;&#xE32;&#xE22;&#xE01;&#xE32;&#xE23;&#xE04;&#xE25;&#xE31;&#xE07;</subfield>
    <subfield code="9">11805</subfield>
  </datafield>
  <datafield tag="650" ind1=" " ind2="4">
    <subfield code="a">&#xE19;&#xE42;&#xE22;&#xE1A;&#xE32;&#xE22;&#xE40;&#xE28;&#xE23;&#xE29;&#xE10;&#xE01;&#xE34;&#xE08;            </subfield>
    <subfield code="9">30752</subfield>
  </datafield>
  <datafield tag="850" ind1=" " ind2=" ">
    <subfield code="a">NALT</subfield>
  </datafield>
  <datafield tag="942" ind1=" " ind2=" ">
    <subfield code="2">lcc</subfield>
    <subfield code="c">GB</subfield>
  </datafield>
  <datafield tag="996" ind1=" " ind2=" ">
    <subfield code="a">kornsiririn.r</subfield>
    <subfield code="b">CATSTF	</subfield>
    <subfield code="c">2024-03-27</subfield>
  </datafield>
  <datafield tag="999" ind1=" " ind2=" ">
    <subfield code="c">105039</subfield>
    <subfield code="d">105039</subfield>
  </datafield>
  <datafield tag="998" ind1=" " ind2=" ">
    <subfield code="j">111</subfield>
    <subfield code="k"> &#xE19;&#xE32;&#xE07;&#xE2A;&#xE32;&#xE27;&#xE1E;&#xE08;&#xE1E;&#xE34;&#xE13;  &#xE1E;&#xE23;&#xE21;&#xE40;&#xE2D;&#xE35;&#xE48;&#xE22;&#xE21;</subfield>
  </datafield>
  <datafield tag="952" ind1=" " ind2=" ">
    <subfield code="0">0</subfield>
    <subfield code="1">0</subfield>
    <subfield code="2">lcc</subfield>
    <subfield code="4">0</subfield>
    <subfield code="7">0</subfield>
    <subfield code="8">CSEN</subfield>
    <subfield code="a">NALT</subfield>
    <subfield code="b">NALT</subfield>
    <subfield code="c">GEN</subfield>
    <subfield code="d">2024-03-28</subfield>
    <subfield code="l">3</subfield>
    <subfield code="m">3</subfield>
    <subfield code="o">HJ 1360.55 &#xE08;158&#xE01; 2556</subfield>
    <subfield code="p">0100006438001</subfield>
    <subfield code="r">2025-09-22 00:00:00</subfield>
    <subfield code="s">2025-09-08</subfield>
    <subfield code="w">2024-03-28</subfield>
    <subfield code="y">GB</subfield>
  </datafield>
</record>
